|
|
|
|
| LEADER |
00993nam a22002772a 4500 |
| 001 |
000050911 |
| 003 |
CZ BrMZK |
| 005 |
20050605202312.0 |
| 008 |
010907m19899999xr f cze d |
| 015 |
|
|
|a cnb000051455
|
| 035 |
|
|
|a (OCoLC)39413504
|
| 040 |
|
|
|a BOA001
|b cze
|
| 080 |
|
|
|a 372.851(075.3):377.35:376
|2 MRF
|
| 100 |
1 |
|
|a Kolář, Josef,
|d 1961-
|7 ntka172960
|
| 245 |
1 |
0 |
|a Matematika pro 2. ročník zvláštních odborných učilišť /
|c Josef Kolář, Bohdana Pařízková, Iva Rohlíčková
|
| 250 |
|
|
|a 4. vyd.
|
| 260 |
|
|
|a Praha :
|b SPN,
|c 1989
|
| 300 |
|
|
|a 185 s.
|
| 490 |
1 |
|
|a Učebnice pro střední školy
|
| 700 |
1 |
|
|a Pařízková, Bohdana
|7 jx20040622021
|
| 700 |
1 |
|
|a Rohlíčková, Iva
|7 ola2007404859
|
| 830 |
|
0 |
|a Učebnice pro střední školy
|
| 910 |
|
|
|a BOA001
|b PK-0111.937
|
| 964 |
|
|
|a Matematika - učebnice - učiliště odborná zvláštní
|
| 990 |
|
|
|a BK
|
| 996 |
7 |
|
|b 3119978687
|c PK-0111.937
|l MZK
|r Sklad / do 1 hodiny
|n 0
|w 000050911
|u 000010
|a 1
|e BOA001
|j MZK50
|s A
|